000 00207 a2200085 4500
020 _a9783031004230
100 _aGrossi C.
_9212958
245 _aAlgorithms For Reinforcement Learning
260 _bSpringer
_c2022
999 _c367665
_d367665